000 00681nam a2200289Ia 4500
005 20260324115553.0
008 008 260324s9999 xx 000 0 eng d
020 _a9781315163222
037 _aEBOOK
040 _aCRL
040 _beng
040 _cCRL
041 _2eng
041 _aeng
084 _qCRL
100 _aDavid Veech
_91155180
245 0 _aLeadersights
245 0 _bCreating Great Leaders Who Create Great Workplaces
260 _bTaylor and Francis
260 _c2017
365 _a
365 _b59.99
856 _uhttp://www.taylorfrancis.com/books/9781315163222
942 _cEBOOK
999 _c1746145
_d1746145